| 000 | 00493aam a2200205 4500 | ||
|---|---|---|---|
| 005 | 20240812143340.0 | ||
| 008 | 150326b xxu||||| |||| 00| 0 spa d | ||
| 020 | _a9786073110327 | ||
| 041 | _aESP | ||
| 082 | _a813.54 K52v | ||
| 100 |
_aKing, Stephen _92342 |
||
| 245 | _a22/11/63 | ||
| 260 | _aMéxico | ||
| 260 | _bRandom House Mondadori | ||
| 260 | _c2012 | ||
| 300 | _a859 páginas | ||
| 650 | _aNOVELA ESTADOUNIDENSE | ||
| 650 | _aLITERATURA ESTADOUNIDENSE | ||
| 942 |
_cLIT _2ddc |
||
| 999 |
_c3328 _d3328 |
||